Dorpen en Steden van Flevoland - Statistieken

Algemene statistieken
  • Deze quiz is 94 keer genomen
  • De gemiddelde score is 13 van 19
Antwoordstatistieken
Gemeente Kern % Correct
Almere Almere
100%
Noordoostpolder Emmeloord
98%
Lelystad Lelystad
98%
Urk Urk
95%
Dronten Dronten
93%
Zeewolde Zeewolde
88%
Dronten Biddinghuizen
81%
Noordoostpolder Nagele
70%
Noordoostpolder Ens
65%
Dronten Swifterbant
63%
Noordoostpolder Schokland
58%
Noordoostpolder Tollebeek
58%
Noordoostpolder Creil
56%
Noordoostpolder Bant
53%
Noordoostpolder Kraggenburg
53%
Noordoostpolder Marknesse
51%
Noordoostpolder Espel
49%
Noordoostpolder Luttelgeest
49%
Noordoostpolder Rutten
47%
Geen overeenkomende quizzen gevonden
Scoreverdeling
Procent van Mensen met Elke Score
Percentiel versus Aantal Correcte Antwoorden
Uw Scoregeschiedenis
U heeft deze quiz nog niet genomen